| 000 | 00389nam a2200121Ia 4500 | ||
|---|---|---|---|
| 008 | 220216s9999 xx 000 0 und d | ||
| 100 |
_aJung Y C _cet al |
||
| 245 | 0 | _aGenetic variability between two breeds based on RFLP of major histocompatibility complex Class I genes in the pig | |
| 260 |
_bTheoretical and Applied Genetics _c1989 |
||
| 300 | _a271-274 | ||
| 650 | _aRFLP | ||
| 942 | _cJS | ||
| 999 |
_c59876 _d59876 |
||